| 000 | 00777nam a2200265Ia 4500 | ||
|---|---|---|---|
| 003 | OSt | ||
| 005 | 20220928115314.0 | ||
| 006 | a|||||r|||| 00| 0 | ||
| 007 | ta | ||
| 008 | 220927b |||||||| |||| 00| 0 eng d | ||
| 020 | _c3882.6134999999999 | ||
| 024 | _a103160 | ||
| 037 |
_b35, 02/12/2009, Om Book Distributors _cTextual |
||
| 040 |
_aSDCL _cSDCL _beng |
||
| 041 |
_2eng _aeng |
||
| 082 | _aX:991:(Z3), P9 | ||
| 100 |
_aBowers John _9427757 |
||
| 245 | 0 | _aPractical approach to employment law. | |
| 250 | _a8 | ||
| 260 |
_aOxford _bOxford University Press _c2009 |
||
| 300 |
_axcv,644p _ccm. |
||
| 650 |
_aCommerce _9353036 |
||
| 942 |
_hX:991:(Z3), P9 _cTEXL _2CC |
||
| 999 |
_c758898 _d758898 |
||